| 000 | 00000ngm 2200000za 4500 |
| 001 | 9.845521 |
| 003 | CaOODSP |
| 005 | 20240405085536 |
| 006 | m o c f |
| 007 | cr cna|||a|||| |
| 008 | 171013s2016 onc043 fo vlfre d |
| 040 | |aCaOODSP|bfre |
| 043 | |an-cn--- |
| 086 | 1 |aRv4-101/2016F-MP4 |
| 245 | 00|aComment retenir, verser et déclarer les retenues à la source |h[ressource électronique] / |cAgence du revenu du Canada. |
| 260 | |a[Ottawa] : |bAgence du revenu du Canada, |c2016. |
| 300 | |a1 vidéo en streaming (42 min., 44 sec.) : |bs., coul. |
| 500 | |aPubl. aussi en anglais sous le titre : How to deduct, remit and report payroll source deductions. |
| 500 | |aTitre du titre d'écran. |
| 500 | |a« Novembre 2016. » |
| 520 | |a« Ce webinaire porte sur les responsabilités de l'employeur concernant les retenues à la source. Il fournit aux employeurs des instructions étape par étape sur la façon de déclarer les retenues à la source et de remplir les feuillets et les sommaires requis »--Fournis par l'éditeur. |
| 538 | |aExigences du système : Windows Media Player. |
| 538 | |aMode d'accès : World Wide Web. |
| 692 | 07|2gccst|aEntreprise |
| 692 | 07|2gccst|aSalaire |
| 692 | 07|2gccst|aCrédit d'impôt |
| 710 | 2 |aAgence du revenu du Canada. |
| 775 | 08|tHow to deduct, remit and report payroll source deductions |w(CaOODSP)9.845520 |
| 856 | 40|qMP4|s152.27 Mo|uhttps://publications.gc.ca/collections/collection_2017/arc-cra/Rv4-101-2016-fra.mp4 |